000 00467nam a2200181Ia 4500
008 131103s9999 xx 000 0 und d
020 _cRs.75
040 _aLoreto College
041 _aEnglish
082 _a891.431/TUL
_bLCLIB/37729
100 _aTulsidas
245 _aSreeramcharitmanas
_cTulsidas
260 _aGorakhpur
_bGeeta Press
_c[19 - ?]
300 _a1031p.
_c 32 cm.
650 _aHindi - Epic Poetry
850 _aLCLIB/891.431/TUL
942 _cBK
999 _c18577
_d69056